Stavebné sporenie v Českej republike

Podstata stavebného sporenia v Českej republike. Trh stavebného sporenia v ČR. Stavebné sporenie v ČR v porovnaní s inými možnosťami. Výhody a nevýhody stavebného sporenia. Kombinovanie stavebného sporenia s hypotekárnym úverovaním.

Salvato in:
Dettagli Bibliografici
Autore principale: Petrjánošová, Božena
Natura: Capitolo di libro
Lingua:slovacco
Soggetti:
Tags: Aggiungi Tag
Nessun Tag, puoi essere il primo ad aggiungerne!!

MARC

LEADER 00000naa a2200000 4500
001 r026384
005 20230919070807.6
041 0 |a slo 
044 |a SK 
245 1 0 |a Stavebné sporenie v Českej republike  |c Božena Petrjánošová 
520 |a Podstata stavebného sporenia v Českej republike. Trh stavebného sporenia v ČR. Stavebné sporenie v ČR v porovnaní s inými možnosťami. Výhody a nevýhody stavebného sporenia. Kombinovanie stavebného sporenia s hypotekárnym úverovaním. 
610 2 0 |a sporenie obyvateľstva 
610 2 0 |a sporiteľne stavebné 
610 2 0 |a Česko 
610 2 0 |a pôžičky 
100 1 |a Petrjánošová, Božena